H JeuneCrack - Carrière - Statistiques

Statistiques générales
  • Ce quiz a été pris 15 fois
    10 depuis la dernière actualisation
  • Le résultat moyen est 15 sur 97
Statistiques - réponses
Hint Réponse % Correct
1 Kaboul Kitchen
83%
8 Kassded
83%
3 Dromadaire
67%
5 Manita
67%
2023 merci bonne journée (feat. Mairo)
67%
3 3 Meufs
50%
2024 (La solution) Catenaccio (feat. Mairo)
50%
7 Deuxième peau
50%
2024 (La solution) L'acide et la base (feat. Mairo)
50%
2023 (La pieuvre) La preuve (feat. Hologram Lo')
50%
4 Le gros caillou
50%
2026 Mathématiques
50%
8 Mr le Prouveur (fin alternative)
50%
2 Sade
50%
2024 (La solution) Fast Learner (feat. Mairo)
33%
2024 Freestyle 1er Mouvement
33%
2026 Freestyle 2ème Mouvement
33%
6 Hustleuse
33%
2023 (La pieuvre) Joue la comme (feat. Hologram Lo' & Infinit')
33%
2024 La taupe
33%
2022 La vigne (feat. Mairo)
33%
6 L'éther
33%
2022 10 balles (feat. abel31)
17%
2 Aquarelle
17%
5 Au max
17%
2023 (La pieuvre) Bah oui (feat. Hologram Lo')
17%
1 Bienvenue à Gattaca
17%
1 Comment ça s'passe ?
17%
6 Couleurs froides (fin alternative)
17%
1 Fausse cocaïne
17%
4 Gamberge FM
17%
11 Google Maps
17%
5 La Cantine
17%
1 La Trinité
17%
5 L'eau chaude
17%
3 Le beau geste
17%
7 Le joueur le plus précieux
17%
3 Le sucre
17%
2 Musée
17%
3 Présidentiel flow
17%
9 Pshitt...
17%
5 Shéhérazade
17%
2025 SNIPER DÉCAPOTABLE (feat. BLOODY$ANJI & Idée Noire.)
17%
4 Vrai Crack
17%
2023 4 Saisons (feat. zaky)
0%
2025 aldebaran (feat. Bricksy & 3g & Yuri Online)
0%
2021 Architecte (feat. BabyBoo)
0%
2022 Big Lebowski (feat. abel31)
0%
2020 Brésil (feat. BabyBoo, Diamond League, Nocif & SknnyBoy)
0%
2022 Cactus (feat. Bricksy & 3g)
0%
2022 Cactus Musique (feat. Bricksy & 3g)
0%
2022 Cahuzac Strauss-Kahn (feat. BabyBoo & $knny)
0%
6 Chambre 8344
0%
2023 Concentre-toi (feat. Bricksy & 3g & Floki)
0%
2021 Crabe
0%
2021 David Beckham (feat. BabyBoo & Yalna)
0%
5 Demi Tout
0%
2 Dérapages
0%
6 Dièses
0%
2020 Dior ou Chanel (feat. BabyBoo, Diamond League, Nocif & Yalna)
0%
2022 Elevation (feat. Nyluu)
0%
2022 Emploi fictif (feat. 1863 & TaeminTekken)
0%
2 Νεφέλαι (feat. Nyluu)
0%
2024 Freebase (feat. Eloquence)
0%
3 Freestyle Disco
0%
2021 (Puzzle mus1que) Grand Manitou
0%
2020 Headshot (feat. Diamond League & Nyluu)
0%
2020 Henny (feat. Diamond League, Nocif, Nyluu, SknnyBoy & Masta NK
0%
2023 Hérétique (feat. Idée Noire. & Uliss)
0%
2022 Homme de boue (feat. Sely & TaeminTekken)
0%
2022 Igloo (feat. Bricksy & 3g)
0%
2 Intelligent
0%
4 Julian Assange
0%
2025 Koh-Lanta (feat. Bavaza & Kyo Itachi)
0%
2025 LE FILM CONTINUE (feat. Infinit' & Mairo)
0%
2021 (Puzzle mus1que) Le large
0%
2023 Le sac (feat. 3010 & Sheldon)
0%
8 Les cristaux
0%
2022 Les lois du karma (feat. Bricksy & 3g)
0%
1 Mauvaise Musique
0%
2022 McFLY (feat. S-Tee)
0%
2024 Mémoire sélective (feat. Bricksy & 3g)
0%
4 Métaphysique
0%
2020 Mon ptit gars (feat. BabyBoo, Diamond League, Nocif & Yalna)
0%
10 Opale Système (feat. BabyBoo, esone, Nocif, $knyy & Yalna)
0%
7 Parle vrai
0%
2023 PAS ENCORE (feat. Realo & Tony Seng)
0%
2022 Pirlo (feat. abel31 & Bricksy & 3g)
0%
4 Premier porno
0%
2022 + que 2 (feat. Bricksy & 3g)
0%
2025 Sucre de canne (feat. BabyBoo & esone)
0%
2021 Tesla (feat. Fenka)
0%
2023 Très à propos (feat. Caballero & JeanJass)
0%
2021 (Puzzle mus1que) Vendetta
0%
7 Wazinc
0%
2020 Y-3 (feat. Diamond League, SknnyBoy & Masta NK)
0%
2023 ZONE DE CONFORT (feat. Nastaz, SAMP7E & Simala)
0%
Aucun quiz correspondant
Distribution des résultats
% des personnes avec chaque résultat
Percentile par nombre de réponses
Votre historique - résultats
Vous n’avez pas pris ce quiz depuis la dernière actualisation